| 000 | 01441cab a2200241 4500 | ||
|---|---|---|---|
| 001 | ABS67527 | ||
| 008 | 040220n2004 000 0 eng u | ||
| 035 | _a(Sirsi) u125210 | ||
| 245 | _aRother District Investments Ltd v Graham Frederick Corke, Stephen Gavin Orr and Josie Richards | ||
| 260 | _C2004 | ||
| 490 |
_aEstates Gazette _v[2004] 13 EG 128-131(4) |
||
| 520 | _a[2004] EWHC 14 (Ch), 20 January 2004. Appellant claimant (R) sought to recover from the defendant tenants C and others under the sublease sums due in respect of the period prior to the date that R took possession. R appealed against County Court decision that in taking possession of the property and gaining a new sublease had brought to an end the sublease prior to R's obtaining title to the headlease on registration. County Court decision upheld. R was not entitled to the sums it claimed. Paragraphs 10 to 16 of judgment sum up the reasons for dismissing appeal. View judgment at www.bailii.org. | ||
| 590 | _aABS | ||
| 650 | _aROTHER DISTRICT INVESTMENTS LTD V CORKE AND OTHERS | ||
| 650 | _aFORFEITURE | ||
| 650 | _aLAW OF PROPERTY ACT 1925 S141 | ||
| 650 | _aPEACEABLE RE-ENTRY | ||
| 650 | _aRENT ARREARS | ||
| 650 | _aREGISTERED TITLE | ||
| 690 | _aLANDLORD AND TENANT-BUSINESS TENANCIES-CASE LAW | ||
| 856 |
_uhttps://www.bailii.org/cgi-bin/markup.cgi?doc=/ew/cases/EWHC/Ch/2004/14.html _zView judgment on the BAILII website... |
||
| 942 | _n0 | ||
| 999 |
_c74162 _d74162 |
||